| 000 | 00936nam a2200157Ia 4500 | ||
|---|---|---|---|
| 008 | 151213s9999 xx 000 0 und d | ||
| 020 | _a984-809021-5 | ||
| 100 | _aবাংলাদেশ বিশ্ববিদ্যালয় মঞ্জুরী কমিশন। | ||
| 245 |
_aবাছংলাদেশ বিশ্ববিদ্যালয় মঞ্জুরী কমিশন, বার্ষিক প্র্রতিবেদন।- ২০০৪ _cবাংলাদেশ বিশ্ববিদ্যালয় মঞ্জুরী কমিশন। |
||
| 260 |
_aঢাকা _bবাংলাদেশ বিশ্ববিদ্যালয় মঞ্জুরী কমিশন। _c2005 |
||
| 300 | _a4499 p. | ||
| 650 | _aReference | ||
| 650 | _aYear Book | ||
| 700 | _aবাংলাদেশ বিশ্ববিদ্যালয় মঞ্জুরী কমিশন। | ||
| 999 |
_c2874 _d2874 |
||